| 000 | 00611nam a2200229Ia 4500 | ||
|---|---|---|---|
| 008 | 180523s9999 xx 000 0 und d | ||
| 020 | _a0-395-65634-6 | ||
| 050 | _aMAIN HD 57.7 | ||
| 050 | _b.D83 1995 | ||
| 100 | _aDuBrin, Andrew J. | ||
| 245 | 0 | _aLeadership : | |
| 245 | 0 | _bresearch findings, practice, and skills / | |
| 245 | 0 | _cAndrew J. DuBrin | |
| 260 | _aBoston : | ||
| 260 | _bHoughton Mifflin, | ||
| 260 | _c1995 | ||
| 300 | _a389 pages : | ||
| 300 | _c24 cm. | ||
| 500 | _aIncludes bibliographical references and index. | ||
| 650 | _aLeadership. | ||
| 650 | _xEmployee motivation. | ||
| 999 |
_c356893 _d356893 |
||